<?xml version="1.0" encoding="UTF-8"?><?xml-stylesheet type="text/xsl" href="static/style.xsl"?><OAI-PMH xmlns="http://www.openarchives.org/OAI/2.0/" xmlns:xsi="http://www.w3.org/2001/XMLSchema-instance" xsi:schemaLocation="http://www.openarchives.org/OAI/2.0/ http://www.openarchives.org/OAI/2.0/OAI-PMH.xsd"><responseDate>2026-04-17T19:16:34Z</responseDate><request verb="GetRecord" identifier="oai:www.recercat.cat:10230/69321" metadataPrefix="marc">https://recercat.cat/oai/request</request><GetRecord><record><header><identifier>oai:recercat.cat:10230/69321</identifier><datestamp>2025-12-21T18:02:32Z</datestamp><setSpec>com_2072_6</setSpec><setSpec>col_2072_452952</setSpec></header><metadata><record xmlns="http://www.loc.gov/MARC21/slim" xmlns:dcterms="http://purl.org/dc/terms/" xmlns:xsi="http://www.w3.org/2001/XMLSchema-instance" xmlns:doc="http://www.lyncode.com/xoai" xsi:schemaLocation="http://www.loc.gov/MARC21/slim http://www.loc.gov/standards/marcxml/schema/MARC21slim.xsd">
   <leader>00925njm 22002777a 4500</leader>
   <datafield ind2=" " ind1=" " tag="042">
      <subfield code="a">dc</subfield>
   </datafield>
   <datafield ind2=" " ind1=" " tag="720">
      <subfield code="a">Fernández Rius, Núria</subfield>
      <subfield code="e">author</subfield>
   </datafield>
   <datafield ind2=" " ind1=" " tag="260">
      <subfield code="c">2025-01-28T08:02:40Z</subfield>
   </datafield>
   <datafield ind2=" " ind1=" " tag="260">
      <subfield code="c">2025-01-28T08:02:40Z</subfield>
   </datafield>
   <datafield ind2=" " ind1=" " tag="260">
      <subfield code="c">2016</subfield>
   </datafield>
   <datafield ind2=" " ind1=" " tag="520">
      <subfield code="a">El presente artículo se propone una aproximación a las prácticas fotográficas anónimas, profesionales y amateurs, del período de entreguerras en España para desplegar un mapa analítico de nuevos productores, pragmáticas, y concepciones de lo fotográfico, así como problemas concomitantes de lo que puede ser considerada la primera extensión y normalización de la fotografía personal o doméstica en el país. Argumentaremos que el desarrollo de una práctica fotográfica trasciende las facilidades técnicas del propio desarrollo científico-técnico al tratarse de una cultura eminentemente urbana. Partícipe de una red de referentes, discursos, imaginarios y prácticas vinculadas con la clase, el género, la edad, las geografías emocionales de la ciudad y el ocio. En consecuencia, hablaremos de prácticas fotográficas que van más allá del campo de la memoria para abrazar otras áreas como el juego, la demostración de afecto, la evasión o la comunicación.</subfield>
   </datafield>
   <datafield tag="653" ind2=" " ind1=" ">
      <subfield code="a">Fotografía ambulante</subfield>
   </datafield>
   <datafield tag="653" ind2=" " ind1=" ">
      <subfield code="a">Minutero</subfield>
   </datafield>
   <datafield tag="653" ind2=" " ind1=" ">
      <subfield code="a">Cinetrista</subfield>
   </datafield>
   <datafield tag="653" ind2=" " ind1=" ">
      <subfield code="a">Fotomatón</subfield>
   </datafield>
   <datafield tag="653" ind2=" " ind1=" ">
      <subfield code="a">Fotografía doméstica</subfield>
   </datafield>
   <datafield tag="653" ind2=" " ind1=" ">
      <subfield code="a">“Sociedad-cultura” de masas</subfield>
   </datafield>
   <datafield tag="653" ind2=" " ind1=" ">
      <subfield code="a">Nuevos agentes fotográficos</subfield>
   </datafield>
   <datafield ind2="0" ind1="0" tag="245">
      <subfield code="a">Del minutero al aficionado: prácticas anónimas en la primera expansión de la fotografía en España (1914-1939)</subfield>
   </datafield>
</record></metadata></record></GetRecord></OAI-PMH>